The new Oxford picture dictionary : (Record no. 8606)

MARC details
000 -LEADER
fixed length control field 01125nam a22002297a 4500
001 - CONTROL NUMBER
control field 8606
003 - CONTROL NUMBER IDENTIFIER
control field FISKH
005 - DATE AND TIME OF LATEST TRANSACTION
control field 20251002142623.0
008 - FIXED-LENGTH DATA ELEMENTS--GENERAL INFORMATION
fixed length control field 251002b cb ||||| |||| 00| 0 eng d
020 ## - INTERNATIONAL STANDARD BOOK NUMBER
International Standard Book Number 9780194343268
040 ## - CATALOGING SOURCE
Original cataloging agency FISKH
Language of cataloging eng
Transcribing agency FISKH
Modifying agency FISKH
050 ## - LIBRARY OF CONGRESS CALL NUMBER
Classification number PE1629.P38
082 ## - DEWEY DECIMAL CLASSIFICATION NUMBER
Classification number 428.24
100 ## - MAIN ENTRY--PERSONAL NAME
Personal name Zevin, Patricia E.
245 ## - TITLE STATEMENT
Title The new Oxford picture dictionary :
Remainder of title Beginner's workbook /
Statement of responsibility, etc. by Patricia E. Zevin
260 ## - PUBLICATION, DISTRIBUTION, ETC.
Place of publication, distribution, etc. New York :
Name of publisher, distributor, etc. Oxford University Press,
Date of publication, distribution, etc. 1989.
300 ## - PHYSICAL DESCRIPTION
Extent 130 pages :
Other physical details color illustrations ;
Dimensions 29 cm
520 ## - SUMMARY, ETC.
Summary, etc. The New Oxford Picture Dictionary and its components provide a complete, four-skills language development program. The program is:* Practical - a wide range of topics introduce new words in their most common context.* Easy to use - vocabulary items are presented without ambiguity or the need for translation.* Versatile - the Dictionary itself and its components have unlimited applications.* Flexible - the Dictionary can be used alone or with its components.
650 ## - SUBJECT ADDED ENTRY--TOPICAL TERM
Topical term or geographic name entry element Picture dictionary
Form subdivision English Teaching
942 ## - ADDED ENTRY ELEMENTS (KOHA)
Source of classification or shelving scheme Dewey Decimal Classification
Koha item type Books
Suppress in OPAC No
Holdings
Withdrawn status Lost status Source of classification or shelving scheme Damaged status Not for loan Collection Home library Current library Shelving location Date acquired Total Checkouts Full call number Barcode Date last seen Copy number Price effective from Koha item type
    Dewey Decimal Classification     Reference Footprints International School Library Network Toul Kork Campus Footprints International School Library Network Toul Kork Campus Librarian's Shelf TK 10/02/2025   ZEV 428.24 PE1629.P38 2025-4475 10/02/2025 1 10/02/2025 Books